000 004140000a22001570004500
003 LK-CoMWRAF
008 230817t ||||| |||| 00| 0 eng d
040 _aLK-CoMWRAF
_dLK-CoMWRAF
_eLK-CoMWRAF
041 _aeng
082 _a060
_bSRI
245 _aSri Lanka census of industry 1983
_bpreliminary report
260 _aColombo
_bPlaning & Implemnet
_c1985
300 _ap.187
650 _aStatistics
942 _cBK
999 _c2673
_d2673